Responses for Show #599 - Thursday, March 26, 1987

Contestants

[<< previous game]

Pam Quillan, a technical manager from Silver Spring, Maryland

Krystal Askew, a computer operations manager from Memphis, Tennessee

Barry Charles, a senior tax consultant from Plainview, New York

[next game >>]

Jeopardy! Round responses

BIRDS
BRITISH HOLIDAYS
"BREATH"
BASEBALL
BEN FRANKLIN
TAKE A GUESS
    $100 6
an Emperor

Krystal
    $100 11
Christmas Eve

Barry
    $100 15
bad breath

Krystal
    $100 1
because there are no lights there

Pam
    $100 20
school

Pam
    $100 2
estimated time of departure

Barry
    $200 7
(Krystal: What's a blue jay?)

the blue bird

Krystal
Triple Stumper
    $200 25
Stonehenge

Krystal
    $200 16
"Every Breath You Take"

Barry
    $200 3
(1 of) Pete Rose (Phil Niekro, Tony Perez or Tommy John)

Pam
    $200 21
slavery

Pam
    $200 4
(Krystal: What is... C?)

B

Krystal
Triple Stumper
    $300 8
(John J.) Audubon

Krystal
    $300 26
a leek

Triple Stumper
    $300 17
a breathalyzer

Pam
    $300 12
Connie Mack

Barry
    $300 22
(Barry: What is... Pennsylvania?)
(Pam: What is Maryland?)
...
(Alex: [After the next clue selection] Less than a minute to go.)

New Jersey

BarryPam
Triple Stumper
    $300 5
Flushing

Krystal
    $400 9
[Alex read "the way" as "like".]

nectar

Pam
    $900 18
breathtaking

Pam
    $400 13
9 Golden Gloves in each league

Barry
    $400 23
Richard Saunders

Barry
    $400 10
Indiana

Triple Stumper
    $500 27
[The end-of-round signal sounds.]

white

Pam
    $500 19
a breath of fresh air

Pam
    $500 14
"Joltin' Joe"

Barry
    $500 24
the Articles of Confederation

Barry

Scores at the first commercial break (after clue 11):

Barry Krystal Pam
$200 $300 $700

Scores at the end of the Jeopardy! Round:

Barry Krystal Pam
$2,200 $600 $2,900

Double Jeopardy! Round responses

BOSTON
BIOLOGY
BIBLICAL TRIVIA
BUSINESS BIGGIES
BEATNIKS
TOUGH DISNEY
    $200 12
the only river in Boston

Barry
    $200 1
skin

Krystal
    $200 19
Iscariot

Barry
    $200 4
[Barry said both responses.]

the Southland Corporation (7-Eleven)

Barry
    $200 9
Zen

Krystal
    $200 25
a dog

Barry
    $400 13
Paul Revere

Pam
    $400 2
reproduction

Krystal
    $400 21
[That's how "Archeologists" was spelled in the clue's wording.]

the Dead Sea

Krystal
    $400 5
Zales

Triple Stumper
    $400 17
(Alex: Yes, Bob Denver.)

Maynard G. Krebs

Pam
    $600 14
please come to Boston

Barry
    $600 3
a cherry

Pam
    $600 22
the serpent

Pam
    $600 6
RJ Reynolds

Barry
    $600 18
money

Triple Stumper
    $800 15
the T

Barry
    $800 10
(Krystal: What are crabs?)

spiders

Krystal
Triple Stumper
    $1,000 23
(Alex: How much you gonna risk on BIBLICAL TRIVIA?)
(Pam: $1000 and a prayer.)
[Laughter]

the Book of Ruth or Esther

Pam
    $800 7
(Krystal: What's a flash... bulb?)

film

Krystal
Triple Stumper
    $800 20
Jack Kerouac

Pam
    $1,000 27
(Barry: What is... Fantasia?)
...
[The end-of-round signal sounds.]

the One Hundred and One Dalmatians

Barry
    $1000 16
The Atlantic Monthly

Triple Stumper
    $1000 11
sap

Pam
    $1000 24
(Krystal: What is crucifixion?)
...
(Alex: We've got less than a minute to go, Pam.)

he was stoned to death

Krystal
Triple Stumper
    $1000 8
(Hoffman)-La Roche

Triple Stumper
    $1000 26
Herb Caen

Triple Stumper

Scores at the end of the Double Jeopardy! Round:

Barry Krystal Pam
$4,000 -$800 $7,700

[wagering suggestions for these scores]

Final Jeopardy! Round responses

BOARD GAMES
(Alex: Why do I get the feeling, Pam, that you may have played some Scrabble in your time?)
...
(Alex: Blue is double or triple the letter value.)

[NOTE: This was the 505,000th clue entered into the J! Archive, on 2023-08-28.]
BarryWhat are blue and pink?
$4,000
PamWhat are pink and red?
$2,700
pink & red

Final scores:

Barry Krystal Pam
$0 -$800 $10,400
2nd place: trip on Eastern to the Caribbean & stay at the Lucayan Beach Resort & Casino in Grand Bahama 3rd place: Kosta Boda crystal stemware New champion: $10,400

Game dynamics:

Coryat scores:

Barry Krystal Pam
$5,000 -$800 $7,000
15 R,
2 W
(including 1 DD)
9 R,
5 W
16 R
(including 2 DDs),
1 W

Combined Coryat: $11,200

[game clues] [game scores] [suggest correction]

Game tape date: 1986-12-02
The J! Archive is created by fans, for fans. Scraping, republication, monetization, and malicious use prohibited; this site may use cookies and collect identifying information. See terms. The Jeopardy! game show and all elements thereof, including but not limited to copyright and trademark thereto, are the property of Jeopardy Productions, Inc. and are protected under law. This website is not affiliated with, sponsored by, or operated by Jeopardy Productions, Inc. Join the discussion at JBoard.tv.